书目信息 |
| 题名: |
胡也频选集
|
|
| 作者: | 胡也频 著 | |
| 分册: | ||
| 出版信息: | 福州 福建人民出版社 1981 |
|
| 页数: | 685-1156页 | |
| 开本: | 21cm | |
| 丛书名: | ||
| 单 册: | ||
| 中图分类: | I216.2 , I211 | |
| 科图分类: | ||
| 主题词: | 文学--作品--中国--现代--选集 , 文学--作品集--中国 | |
| 电子资源: | ||
| ISBN: | ||
| 000 | 00695nam0 2200265 45 | |
| 001 | 0181006146 | |
| 005 | 20040416091518.6 | |
| 010 | @dCNY4.05 | |
| 091 | @a10173.223 | |
| 100 | @a19950608d1981 em y0chiy0121 ea | |
| 101 | 0 | @achi |
| 102 | @aCN@b350000 | |
| 105 | @af z 000zy | |
| 106 | @ar | |
| 200 | 10 | @a胡也频选集@Ahu ye pin xuan ji@f胡也频著 |
| 210 | @a福州@c福建人民出版社@d1981 | |
| 215 | @a685-1156页@c照片@d21cm | |
| 606 | @a文学@x作品@y中国@z现代@x选集 | |
| 606 | 0 | @a文学@x作品集@x中国 |
| 690 | @aI216.2@v3 | |
| 690 | @aI211 | |
| 701 | 0 | @a胡也频@Ahu ye pin@4著 |
| 801 | 0 | @aCN@b上海图书馆@c20040416 |
| 801 | 2 | @aCN@bNLC@c20040416 |
| 905 | @f3@b84615-617@dI211@e72:2 | |
| 胡也频选集/胡也频著.-福州:福建人民出版社,1981 |
| 685-1156页:照片;21cm |
| ISBN :CNY4.05 |
| ● |
| 相关链接 |
|
|
|
|
正题名:胡也频选集
索取号:I211/72:2
 
预约/预借
| 序号 | 登录号 | 条形码 | 馆藏地/架位号 | 状态 | 备注 |
| 1 | 0084615 | 000222191 | 密集书库/ [索取号:I211/72:2] | 在馆 | |
| 2 | 0084616 | 000222208 | 第二借阅区/ [索取号:I211/72:2] | 在馆 | |
| 3 | 0084617 | 000222182 | 第一样本阅览室/ [索取号:I211/72:2] | 在馆 |